[Event "Aimchess Rapid Div 3 W"]
[Site "chess.com INT"]
[Date "2023.07.10"]
[Round "1.1"]
[White "Matlakov, Maxim"]
[Black "Dominguez Perez, Leinier"]
[Result "1/2-1/2"]
[WhiteTitle "GM"]
[BlackTitle "GM"]
[WhiteElo "2673"]
[BlackElo "2739"]
[WhiteFideId "4168003"]
[BlackFideId "3503240"]
[EventDate "2023.07.10"]
[EventType "k.o."]

1. e4 e5 2. Nf3 Nf6 3. Nxe5 d6 4. Nf3 Nxe4 5. d4 d5 6. Bd3 Bd6 7. O-O O-O 8. c4
c6 9. Re1 Bf5 10. cxd5 cxd5 11. Nc3 Nxc3 12. bxc3 Bxd3 13. Qxd3 Nd7 14. Qf5 Nb6
15. Ng5 g6 16. Qh3 h5 17. g4 Qd7 18. gxh5 Qxh3 19. Nxh3 gxh5 20. Bf4 Ba3 21. Bc1
Bd6 22. Bf4 Ba3 23. Bc1 Bd6 1/2-1/2

[Event "Aimchess Rapid Div 3 W"]
[Site "chess.com INT"]
[Date "2023.07.10"]
[Round "1.2"]
[White "Dominguez Perez, Leinier"]
[Black "Matlakov, Maxim"]
[Result "1-0"]
[WhiteTitle "GM"]
[BlackTitle "GM"]
[WhiteElo "2739"]
[BlackElo "2673"]
[WhiteFideId "3503240"]
[BlackFideId "4168003"]
[EventDate "2023.07.10"]
[EventType "k.o."]

1. e4 e5 2. Nf3 Nf6 3. Nxe5 d6 4. Nf3 Nxe4 5. Nc3 Nxc3 6. dxc3 Be7 7. Be3 Nd7 8.
Qd2 O-O 9. O-O-O c6 10. h4 d5 11. Bd3 Nc5 12. Ng5 f5 13. Bxc5 Bxc5 14. c4 h6 15.
Nf3 Be6 16. Qe2 Re8 17. Ne5 Qb6 18. Rhf1 Bf7 19. f4 Be3+ 20. Kb1 Bd4 21. c3 Bxc3
22. Bxf5 dxc4 23. Rd7 Bxe5 24. fxe5 c3 25. e6 Bxe6 26. Bxe6+ Kh8 27. b3 c2+ 28.
Kxc2 Qc5+ 29. Kb1 Rf8 30. Rc1 Rf2 31. Rxc5 Rxe2 32. Bh3 Rf8 33. Rc2 1-0

[Event "Aimchess Rapid Div 3 W"]
[Site "chess.com INT"]
[Date "2023.07.10"]
[Round "1.1"]
[White "Mekhitarian, Krikor Sevag"]
[Black "Meier, Georg"]
[Result "0-1"]
[WhiteTitle "GM"]
[BlackTitle "GM"]
[WhiteElo "2537"]
[BlackElo "2629"]
[WhiteFideId "2107660"]
[BlackFideId "4675789"]
[EventDate "2023.07.10"]
[EventType "k.o."]

1. d4 e6 2. c4 b6 3. e4 Bb4+ 4. Nc3 Bb7 5. f3 Ne7 6. Bd3 e5 7. a3 Bxc3+ 8. bxc3
Nbc6 9. Ne2 O-O 10. O-O d6 11. f4 f6 12. Be3 Ba6 13. Ng3 Na5 14. Qe2 Qd7 15.
Rad1 Qe6 16. c5 Bxd3 17. Qxd3 dxc5 18. dxc5 Nc4 19. Bc1 bxc5 20. Qd7 Qxd7 21.
Rxd7 Nc6 22. Nf5 Rf7 23. Rfd1 Nb6 24. Rxf7 Kxf7 25. Be3 exf4 26. Bxf4 Rd8 27.
Rxd8 Nxd8 28. Bxc7 Nb7 29. Ne3 Na4 30. Nd5 Ke6 31. Bb8 a5 32. Kf2 Nd6 33. Bxd6
Kxd6 34. Ke3 Nb2 35. Nb6 Kc6 36. Nd5 Kb5 37. g4 Nc4+ 38. Kd3 Ne5+ 39. Kc2 Nxg4
40. h3 Nf2 41. Nc7+ Kc4 42. Ne8 Nxe4 43. Nxg7 Nxc3 44. Ne8 Ne4 45. h4 f5 46. Ng7
f4 47. Nf5 f3 0-1

[Event "Aimchess Rapid Div 3 W"]
[Site "chess.com INT"]
[Date "2023.07.10"]
[Round "1.2"]
[White "Meier, Georg"]
[Black "Mekhitarian, Krikor Sevag"]
[Result "1-0"]
[WhiteTitle "GM"]
[BlackTitle "GM"]
[WhiteElo "2629"]
[BlackElo "2537"]
[WhiteFideId "4675789"]
[BlackFideId "2107660"]
[EventDate "2023.07.10"]
[EventType "k.o."]

1. Nf3 d5 2. g3 Bg4 3. Bg2 Nd7 4. h3 Bxf3 5. Bxf3 c6 6. O-O e6 7. d3 Ngf6 8. Nd2
Bc5 9. e3 O-O 10. Qe2 e5 11. e4 Re8 12. h4 a5 13. a4 Bb6 14. Nb3 h6 15. Bd2 Nf8
16. Bc3 Qc7 17. Kg2 Rad8 18. Rae1 d4 19. Bd2 c5 20. c4 dxc3 21. Bxc3 Ne6 22. Nd2
Nd4 23. Bxd4 Rxd4 24. Nc4 Qc6 25. Qc2 Bc7 26. Qb3 Red8 27. Rd1 b6 28. h5 Qe6 29.
Qc2 Qd7 30. Be2 g6 31. Rh1 Kg7 32. b3 Qe6 33. Qc1 Rh8 34. Rh4 Bd8 35. hxg6 fxg6
36. Rf1 h5 37. f4 exf4 38. Rhxf4 Rf8 39. Qe3 Bc7 40. R4f2 Rdd8 41. Qg5 Nh7 42.
Qe3 Rxf2+ 43. Rxf2 Be5 44. Rf1 Rf8 45. Rxf8 Nxf8 46. Qg5 Nd7 47. Bxh5 1-0

[Event "Aimchess Rapid Div 3 W"]
[Site "chess.com INT"]
[Date "2023.07.10"]
[Round "1.1"]
[White "Bernadskiy, Vitaliy"]
[Black "Le, Quang Liem"]
[Result "0-1"]
[WhiteTitle "GM"]
[BlackTitle "GM"]
[WhiteElo "2545"]
[BlackElo "2728"]
[WhiteFideId "14100371"]
[BlackFideId "12401137"]
[EventDate "2023.07.10"]
[EventType "k.o."]

1. e4 c5 2. Nf3 e6 3. c3 Nf6 4. e5 Nd5 5. g3 b6 6. Bg2 Ba6 7. d3 Nc6 8. O-O Be7
9. Re1 O-O 10. d4 cxd4 11. Nxd4 Nxd4 12. Qxd4 Rc8 13. Nd2 d6 14. Bxd5 exd5 15.
Nf3 dxe5 16. Qxe5 Bf6 17. Qh5 d4 18. cxd4 Bb7 19. Ng5 h6 20. Ne4 Bxd4 21. Bf4
Rc2 22. Rad1 Bxe4 23. Rxe4 Bxf2+ 24. Kh1 Qa8 25. Qd5 Rxb2 26. Be5 Rb1 0-1

[Event "Aimchess Rapid Div 3 W"]
[Site "chess.com INT"]
[Date "2023.07.10"]
[Round "1.2"]
[White "Le, Quang Liem"]
[Black "Bernadskiy, Vitaliy"]
[Result "1/2-1/2"]
[WhiteTitle "GM"]
[BlackTitle "GM"]
[WhiteElo "2728"]
[BlackElo "2545"]
[WhiteFideId "12401137"]
[BlackFideId "14100371"]
[EventDate "2023.07.10"]
[EventType "k.o."]

1. d4 Nf6 2. c4 c5 3. d5 a6 4. Nc3 b5 5. e4 b4 6. Na4 d6 7. Bd3 g6 8. a3 a5 9.
h3 Bg7 10. Nf3 O-O 11. O-O e5 12. dxe6 Bxe6 13. e5 Nfd7 14. exd6 Ra6 15. Bf4 Nc6
16. Be3 Nce5 17. Nxe5 Bxe5 18. Nxc5 Nxc5 19. Bxc5 Bxb2 20. axb4 Bxa1 21. Qxa1
Rxd6 22. Be4 axb4 23. Bxb4 Bxc4 24. Rc1 Ra6 25. Qc3 Be6 26. Bxf8 Qxf8 27. Qf6
Rd6 28. Qe5 Qb8 29. Kh2 Qd8 30. Ra1 Qe7 31. Ra8+ Rd8 32. Rxd8+ Qxd8 33. Bf3 h5
34. Qf4 Kh7 35. h4 Qe7 36. g3 Qa3 37. Qf6 Qc1 38. Be4 Qe1 39. Bxg6+ fxg6 40.
Qe7+ Kh8 41. Qe8+ Kh7 42. Qe7+ Kh8 43. Qe8+ Kh7 44. Qe7+ 1/2-1/2

[Event "Aimchess Rapid Div 3 W"]
[Site "chess.com INT"]
[Date "2023.07.10"]
[Round "1.1"]
[White "Sjugirov, Sanan"]
[Black "Gareyev, Timur"]
[Result "1-0"]
[WhiteTitle "GM"]
[BlackTitle "GM"]
[WhiteElo "2699"]
[BlackElo "2581"]
[WhiteFideId "4189302"]
[BlackFideId "14200937"]
[EventDate "2023.07.10"]
[EventType "k.o."]

1. e4 e5 2. Nf3 Nc6 3. Bb5 a6 4. Ba4 d6 5. Bxc6+ bxc6 6. d4 f6 7. c4 Ne7 8. h3
Ng6 9. Nc3 Be7 10. Be3 O-O 11. O-O a5 12. Re1 Qe8 13. b3 Kh8 14. Qd2 f5 15. exf5
Bxf5 16. Qe2 e4 17. Nd2 d5 18. cxd5 Bb4 19. Rac1 Nh4 20. Kh1 Qg6 21. Rg1 h5 22.
Bf4 Rae8 23. Bh2 e3 24. fxe3 Bd3 25. Qe1 Nf5 26. e4 Qh6 27. Be5 c5 28. exf5 cxd4
29. Qg3 Rxe5 30. Qxe5 dxc3 31. Ne4 c2 32. Qd4 Qa6 33. f6 gxf6 34. Nc5 Bxc5 35.
Qxc5 Rg8 36. Qxc7 Be4 37. Qf4 f5 38. d6 Kh7 39. Rce1 Qd3 40. Qh4 Kh6 41. Rxe4
fxe4 42. Qf6+ Rg6 43. Qh8+ Kg5 44. Qe5+ Kh6 45. Qh8+ Kg5 46. Qd8+ Kf4 47. d7 Rd6
48. Qh4+ Ke3 49. Qg3+ Kd2 50. Qe1# 1-0

[Event "Aimchess Rapid Div 3 W"]
[Site "chess.com INT"]
[Date "2023.07.10"]
[Round "1.2"]
[White "Gareyev, Timur"]
[Black "Sjugirov, Sanan"]
[Result "1/2-1/2"]
[WhiteTitle "GM"]
[BlackTitle "GM"]
[WhiteElo "2581"]
[BlackElo "2699"]
[WhiteFideId "14200937"]
[BlackFideId "4189302"]
[EventDate "2023.07.10"]
[EventType "k.o."]

1. Nf3 d5 2. e3 Nf6 3. c4 e6 4. Nc3 b6 5. b4 Bb7 6. Bb2 dxc4 7. Bxc4 Nbd7 8. b5
a6 9. a4 Be7 10. Be2 O-O 11. O-O c6 12. bxc6 Bxc6 13. d4 Qb8 14. Ba3 Bxa3 15.
Rxa3 Rc8 16. Qb1 Ra7 17. h3 Rac7 18. Bxa6 Bxf3 19. Bxc8 Qxc8 20. gxf3 Rxc3 21.
Rxc3 Qxc3 22. Rc1 Qa5 23. Rc8+ Nf8 24. Qb5 Qxb5 25. axb5 Nd7 26. e4 f5 27. Kg2
Kf7 28. h4 e5 29. dxe5 Ng6 30. h5 Nf4+ 31. Kg3 Nxh5+ 32. Kh4 Nf4 33. Rc7 g5+ 34.
Kg3 Ke8 35. exf5 Nxe5 36. Rxh7 Ne2+ 37. Kh3 Nf4+ 38. Kh2 Nxf3+ 39. Kg3 Ne5 40.
f6 Kf8 41. Rb7 Ne2+ 42. Kh2 Nc4 43. Rc7 Nd6 44. Re7 Nf4 45. Re5 Kf7 46. Rxg5
Kxf6 47. Rg4 Kf5 48. Rg8 Nxb5 49. Rf8+ Ke5 50. Kg3 Ne6 51. f4+ Nxf4 52. Rxf4 Nd4
53. Rg4 b5 54. Kf2 b4 55. Ke3 Nf5+ 56. Kd3 b3 57. Rb4 Nd6 58. Rxb3 Kd5 59. Rb8
Ke5 60. Rh8 Nf5 61. Rh5 Kf4 62. Kc4 Ke5 63. Rh8 Ke4 64. Re8+ Kf4 65. Kd5 Ne3+
66. Kd4 Nf5+ 67. Kd3 Nd6 68. Re1 Nf5 69. Re4+ Kg5 70. Re6 Kf4 1/2-1/2

[Event "Aimchess Rapid Div 3 W"]
[Site "chess.com INT"]
[Date "2023.07.10"]
[Round "1.1"]
[White "Bluebaum, Matthias"]
[Black "Kramnik, Vladimir"]
[Result "1/2-1/2"]
[WhiteTitle "GM"]
[BlackTitle "GM"]
[WhiteElo "2672"]
[BlackElo "2753"]
[WhiteFideId "24651516"]
[BlackFideId "4101588"]
[EventDate "2023.07.10"]
[EventType "k.o."]

1. d4 d5 2. c4 e6 3. Nc3 Nf6 4. Nf3 c5 5. cxd5 Nxd5 6. e4 Nxc3 7. bxc3 cxd4 8.
cxd4 Bb4+ 9. Bd2 Bxd2+ 10. Qxd2 O-O 11. h4 Qe7 12. Bd3 Rd8 13. O-O e5 14. Nxe5
Rxd4 15. Qc3 Rd8 16. Bc4 Be6 17. Rfd1 Nd7 18. Bxe6 Qxe6 19. Nxd7 Rxd7 20. Rxd7
Qxd7 21. Rc1 Rd8 22. Qc7 h5 23. Qxd7 Rxd7 24. f3 g6 25. Rc2 b5 26. Rc8+ Kg7 27.
Rb8 Rd2 28. Rxb5 Rxa2 29. Kh2 Kf6 30. Kg3 Ke6 31. Kf4 Rxg2 32. Ra5 Kf6 33. Ra6+
Kg7 34. Rxa7 Rg1 35. Rb7 Rg2 36. Ra7 Rg1 37. Rb7 Rg2 38. Ra7 1/2-1/2

[Event "Aimchess Rapid Div 3 W"]
[Site "chess.com INT"]
[Date "2023.07.10"]
[Round "1.2"]
[White "Kramnik, Vladimir"]
[Black "Bluebaum, Matthias"]
[Result "1-0"]
[WhiteTitle "GM"]
[BlackTitle "GM"]
[WhiteElo "2753"]
[BlackElo "2672"]
[WhiteFideId "4101588"]
[BlackFideId "24651516"]
[EventDate "2023.07.10"]
[EventType "k.o."]

1. Nf3 d5 2. g3 Nf6 3. Bg2 e6 4. O-O Bd6 5. d4 O-O 6. c4 Nc6 7. b3 dxc4 8. bxc4
e5 9. c5 Be7 10. dxe5 Qxd1 11. Rxd1 Ne4 12. Ba3 Bxc5 13. e3 Bg4 14. Rc1 Rfd8 15.
h3 Bxa3 16. Nxa3 Be6 17. Rab1 Rab8 18. Nd4 Nxd4 19. exd4 Rxd4 20. Nb5 Ra4 21.
Nxc7 Bxa2 22. Rb2 Ng5 23. f4 Ne6 24. Nb5 Bc4 25. Nd6 Ba6 26. f5 Nd4 27. Kh2 Ra5
28. Rd1 Nxf5 29. Nxf5 Rxe5 30. Nd6 Rd8 31. Nxf7 Rxd1 32. Nxe5 b5 33. Nc6 Ra1 34.
Rf2 g5 35. Bd5+ Kg7 36. Rf7+ Kh6 37. Be4 Ra2+ 38. Kg1 Ra1+ 39. Kf2 Ra2+ 40. Ke1
Re2+ 41. Kxe2 b4+ 42. Kd1 g4 43. h4 Be2+ 44. Kxe2 b3 45. Rxh7# 1-0

[Event "Aimchess Rapid Div 3 W"]
[Site "chess.com INT"]
[Date "2023.07.10"]
[Round "1.1"]
[White "Fressinet, Laurent"]
[Black "Eljanov, Pavel"]
[Result "1/2-1/2"]
[WhiteTitle "GM"]
[BlackTitle "GM"]
[WhiteElo "2652"]
[BlackElo "2694"]
[WhiteFideId "608742"]
[BlackFideId "14102951"]
[EventDate "2023.07.10"]
[EventType "k.o."]

1. d4 Nf6 2. Nf3 d5 3. c4 e6 4. Nc3 Be7 5. cxd5 exd5 6. Bf4 c6 7. h3 Bf5 8. e3
Nbd7 9. Nh4 Bg6 10. Nxg6 hxg6 11. Bd3 Nf8 12. O-O Bd6 13. Qb3 Bxf4 14. exf4 Qb6
15. Rfe1+ Ne6 16. f5 gxf5 17. Bxf5 Qxb3 18. axb3 Kd7 19. Bxe6+ fxe6 20. Re3 Kd6
21. b4 Rh4 22. g4 Nd7 23. Ne2 Rh6 24. Nf4 Rf8 25. Nd3 a6 26. Kg2 g5 27. Rae1
Rfh8 28. Nc5 Nxc5 29. bxc5+ Kd7 30. Rb3 Kc7 31. Re5 Rg8 32. Rf3 Rg7 33. Rf8 b6
34. b4 Kb7 35. f4 gxf4 36. Rxf4 a5 37. bxa5 bxc5 38. dxc5 Ka6 39. Rb4 Kxa5 40.
Rb6 Rf6 41. Re2 Rf4 42. Rxc6 Kb5 43. Rexe6 d4 44. Rc8 Rgf7 45. c6 Rf2+ 46. Kg3
R2f3+ 47. Kh4 Rh7+ 48. Kg5 Rfxh3 49. Rd6 Rg7+ 50. Kf6 Rh6+ 51. Kxg7 Rxd6 52. c7
Kc6 53. Rb8 Kxc7 54. Rb2 d3 55. Rd2 Kc6 56. g5 Kc5 57. g6 Kc4 58. Kh7 Kc3 59.
Rxd3+ Kxd3 60. g7 Rd7 61. Kh8 Rxg7 62. Kxg7 1/2-1/2

[Event "Aimchess Rapid Div 3 W"]
[Site "chess.com INT"]
[Date "2023.07.10"]
[Round "1.2"]
[White "Eljanov, Pavel"]
[Black "Fressinet, Laurent"]
[Result "1/2-1/2"]
[WhiteTitle "GM"]
[BlackTitle "GM"]
[WhiteElo "2694"]
[BlackElo "2652"]
[WhiteFideId "14102951"]
[BlackFideId "608742"]
[EventDate "2023.07.10"]
[EventType "k.o."]

1. f4 d5 2. Nf3 Bg4 3. e3 Nd7 4. Be2 c6 5. O-O Ngf6 6. Ne5 Bxe2 7. Qxe2 e6 8. b3
Nxe5 9. fxe5 Nd7 10. Bb2 Be7 11. d3 Qc7 12. e4 O-O 13. Nd2 Rae8 14. Kh1 f6 15.
exf6 Bxf6 16. Bxf6 Nxf6 17. e5 Nd7 18. Nf3 c5 19. c3 Rf5 20. d4 Ref8 21. h3 cxd4
22. cxd4 Nb8 23. Nh4 Rf4 24. Rxf4 Rxf4 25. Nf3 Nc6 26. Qe3 Re4 27. Qd2 h6 28.
Rd1 Qf7 29. b4 Ne7 30. Rc1 Nf5 31. Kh2 Ne3 32. Rc8+ Kh7 33. Qf2 Qf4+ 34. Kg1 Nf5
35. Rc7 Ng3 36. Qc2 Qe3+ 37. Kh2 Nf5 38. Rxb7 Qf4+ 39. Kg1 Qe3+ 40. Kh2 Qf4+ 41.
Kg1 Qe3+ 42. Qf2 Qc1+ 43. Kh2 Qf4+ 44. Kg1 Qc1+ 45. Kh2 Ne3 46. Rf7 Nf5 47. Rxf5
exf5 48. Nd2 Re1 49. Qxf5+ Kh8 50. Qf8+ Kh7 51. Qf5+ Kh8 52. Nf3 Re2 53. Nh4 Qg5
54. Ng6+ Kh7 55. Qf1 Rxa2 56. Nf8+ Kg8 57. Ne6 Qe7 58. Qf5 Qf7 59. Qg4 Ra1 60.
Nf4 Rf1 61. Kg3 g5 62. Ne6 Qf2+ 63. Kh2 Qg1+ 64. Kg3 Qe3+ 65. Kh2 Qg1+ 66. Kg3
Qf2+ 67. Kh2 Kh7 68. Qh5 Qg1+ 69. Kg3 Qe3+ 70. Kh2 Qg1+ 71. Kg3 Qf2+ 72. Kh2
Qg1+ 1/2-1/2

[Event "Aimchess Rapid Div 3 W"]
[Site "chess.com INT"]
[Date "2023.07.10"]
[Round "1.3"]
[White "Eljanov, Pavel"]
[Black "Fressinet, Laurent"]
[Result "0-1"]
[WhiteTitle "GM"]
[BlackTitle "GM"]
[WhiteElo "2694"]
[BlackElo "2652"]
[WhiteFideId "14102951"]
[BlackFideId "608742"]
[EventDate "2023.07.10"]
[EventType "k.o."]

1. c4 e6 2. g3 d5 3. Bg2 d4 4. Nf3 Nc6 5. O-O Bc5 6. d3 Nf6 7. Na3 O-O 8. Bf4
Re8 9. Nb5 e5 10. Bg5 Be7 11. Nd2 h6 12. Bxf6 Bxf6 13. Rb1 Be7 14. Na3 Bf8 15.
Nc2 a5 16. a3 a4 17. b4 axb3 18. Rxb3 Ra7 19. Qb1 Na5 20. Rb2 c6 21. Rb4 Qc7 22.
Qb2 Bg4 23. Bf3 Bh3 24. Rb1 Rea8 25. Ne4 Be6 26. Qc1 Be7 27. Qf1 Bxb4 28. axb4
Nxc4 29. dxc4 Bxc4 30. Nd2 Bd5 31. e4 Be6 32. Be2 Ra2 33. Rc1 Qe7 34. Bc4 Bxc4
35. Nxc4 Qe6 36. Qd3 b5 37. Nd2 Rb2 38. Nf3 Qb3 39. Nce1 f6 40. Rxc6 Ra1 41. Kg2
Raa2 42. Qxb5 Rxf2+ 43. Kh3 Kh7 44. Rc7 Qe6+ 45. g4 h5 46. Qd7 hxg4+ 0-1

[Event "Aimchess Rapid Div 3 W"]
[Site "chess.com INT"]
[Date "2023.07.10"]
[Round "1.1"]
[White "Gabuzyan, Hovhannes"]
[Black "Le, Tuan Minh"]
[Result "1/2-1/2"]
[WhiteTitle "GM"]
[BlackTitle "GM"]
[WhiteElo "2579"]
[BlackElo "2557"]
[WhiteFideId "13303732"]
[BlackFideId "12401153"]
[EventDate "2023.07.10"]
[EventType "k.o."]

1. c4 c6 2. Nf3 d5 3. d4 Nf6 4. Qc2 dxc4 5. Qxc4 Bg4 6. Nc3 Nbd7 7. e4 e6 8. Be3
Be7 9. Be2 O-O 10. O-O Qa5 11. Nd2 e5 12. f3 Be6 13. Qa4 Qb6 14. Nc4 Bxc4 15.
Qxc4 exd4 16. Bxd4 Bc5 17. Rfd1 Rad8 18. Na4 Bxd4+ 19. Qxd4 Qa5 20. b3 Rfe8 21.
Rac1 h6 22. Bf1 a6 23. Qd2 Qc7 24. b4 Ne5 25. Qc3 h5 26. Nc5 h4 27. a4 Nh5 28.
a5 Ng6 29. Qe3 Ngf4 30. Qf2 Qe7 31. Kh1 Qg5 32. h3 Ng3+ 33. Kh2 Rxd1 34. Rxd1
Rd8 35. Rxd8+ Qxd8 36. Qe1 Nfh5 37. e5 Qd4 38. e6 Nxf1+ 39. Qxf1 fxe6 40. Qe1 e5
41. Nxb7 Qf4+ 42. Kg1 Qd4+ 43. Kh2 Qf4+ 44. Kg1 Qd4+ 45. Kh2 1/2-1/2

[Event "Aimchess Rapid Div 3 W"]
[Site "chess.com INT"]
[Date "2023.07.10"]
[Round "1.2"]
[White "Le, Tuan Minh"]
[Black "Gabuzyan, Hovhannes"]
[Result "1-0"]
[WhiteTitle "GM"]
[BlackTitle "GM"]
[WhiteElo "2557"]
[BlackElo "2579"]
[WhiteFideId "12401153"]
[BlackFideId "13303732"]
[EventDate "2023.07.10"]
[EventType "k.o."]

1. d4 Nf6 2. Nf3 g6 3. Nbd2 Bg7 4. e4 d6 5. Bb5+ c6 6. Bd3 Bg4 7. O-O O-O 8. c3
Nbd7 9. Re1 a6 10. a4 Qc7 11. a5 e5 12. h3 Be6 13. Ng5 Nh5 14. dxe5 Nxe5 15. Bf1
h6 16. Ngf3 Rad8 17. Nd4 d5 18. b4 Kh7 19. Qc2 Bc8 20. exd5 Rxd5 21. N2b3 c5 22.
Nxc5 Bxh3 23. gxh3 Rxd4 24. Rxe5 Bxe5 25. cxd4 Bxd4 26. Ra3 Re8 27. Qd2 Bxc5 28.
bxc5 Qxc5 29. Rf3 Re7 30. Qxh6+ Kg8 31. Bb2 f6 32. Ba3 1-0

[Event "Aimchess Rapid Div 3 W"]
[Site "chess.com INT"]
[Date "2023.07.10"]
[Round "1.1"]
[White "Suleymanli, Aydin"]
[Black "Anton Guijarro, David"]
[Result "0-1"]
[WhiteTitle "GM"]
[BlackTitle "GM"]
[WhiteElo "2586"]
[BlackElo "2691"]
[WhiteFideId "13413937"]
[BlackFideId "2285525"]
[EventDate "2023.07.10"]
[EventType "k.o."]

1. c4 e6 2. g3 d5 3. Bg2 c6 4. Qc2 d4 5. Nf3 c5 6. e3 Nc6 7. exd4 cxd4 8. O-O
Nf6 9. d3 Be7 10. a3 a5 11. Re1 Nd7 12. b3 O-O 13. Bb2 e5 14. Nbd2 Re8 15. h4 h6
16. Re2 Bd6 17. Rae1 Nf6 18. c5 Bc7 19. Nc4 e4 20. Rxe4 Nxe4 21. dxe4 Bg4 22.
Qd2 Bxf3 23. Bxf3 Ne5 24. Nxe5 Bxe5 25. Qd3 Qf6 26. Rc1 g5 27. h5 Rec8 28. Bg4
Rc7 29. Qf3 Qxf3 30. Bxf3 Rd8 31. Kf1 f6 32. Rc4 d3 33. Bxe5 fxe5 34. Bg4 d2 35.
Bd1 Kf7 36. Ke2 Ke7 37. Ke3 Rcd7 38. Rc3 Rd4 39. g4 Rc8 40. f3 Rc6 41. b4 axb4
42. axb4 Rxb4 43. Kxd2 Rd4+ 44. Ke2 Ra6 45. Bc2 Kd7 46. Bb3 Kc7 47. Bd5 Rb4 48.
Kd3 Ra1 49. c6 b6 50. Ke3 Rba4 51. Ke2 R4a3 52. Rc2 Rh1 53. Rc4 Rh2+ 54. Kd1
Ra1+ 0-1

[Event "Aimchess Rapid Div 3 W"]
[Site "chess.com INT"]
[Date "2023.07.10"]
[Round "1.2"]
[White "Anton Guijarro, David"]
[Black "Suleymanli, Aydin"]
[Result "1/2-1/2"]
[WhiteTitle "GM"]
[BlackTitle "GM"]
[WhiteElo "2691"]
[BlackElo "2586"]
[WhiteFideId "2285525"]
[BlackFideId "13413937"]
[EventDate "2023.07.10"]
[EventType "k.o."]

1. Nf3 d5 2. g3 Nf6 3. Bg2 Nbd7 4. d4 Nb6 5. O-O Bf5 6. Nh4 e6 7. Nxf5 exf5 8.
b3 c6 9. Qd3 Qd7 10. a4 Rd8 11. Bg5 Be7 12. Bxf6 Bxf6 13. e3 O-O 14. Nd2 Qe6 15.
Rac1 Nc8 16. c4 Nd6 17. cxd5 cxd5 18. Rc7 Rb8 19. Rfc1 Bd8 20. R7c2 h5 21. h4
Be7 22. Rc7 Bd8 23. R7c2 Be7 24. Rc7 Rfe8 25. a5 a6 26. Qe2 Nb5 27. Rxe7 Rxe7
28. Qxh5 Rc7 29. Rxc7 Nxc7 30. Qg5 Ne8 31. b4 Nf6 32. Nb3 b6 33. Qf4 Rb7 34. Bf1
Qe4 35. Bxa6 Qxf4 36. gxf4 Rb8 37. axb6 Rxb6 38. b5 Ne8 39. Nc5 Nc7 40. Kg2 Nxb5
41. Bxb5 Rxb5 42. Nd3 Kh7 43. Nc1 Rb2 44. Nd3 Rb1 45. Ne5 f6 46. Nf3 Kg6 47. Nd2
Rb2 48. Nf1 Kh5 49. Kh3 Rxf2 50. Ng3+ Kg6 51. h5+ Kh6 52. Nxf5+ Kxh5 53. Kg3 Rc2
54. Nxg7+ Kg6 55. Ne6 Kf5 56. Nc5 Re2 57. Kf3 Re1 58. Kf2 Rh1 59. Kg3 Rh8 60.
Kf3 Rh3+ 61. Ke2 Kg4 62. Nd7 Rh2+ 63. Kd3 Kf5 64. Nb6 Ke6 65. Na4 Kf5 66. Nc3
Ke6 67. Nb5 Rh7 68. Nc3 Rh4 69. Nb5 Rh7 70. Nc3 Rb7 71. Kc2 Rb4 72. Kd3 Rb2 73.
Na4 Rb5 74. Nc3 Ra5 75. Ke2 Ra3 76. Kd2 Ra5 77. Ke2 Kf5 78. Kf3 Kg6 79. Kg4 Kg7
80. Kf5 Kf7 81. Kg4 Kg6 82. Kf3 Kh5 83. Ne2 Ra1 84. Nc3 Ra5 85. Ne2 Kh4 86. Ng3
Ra6 87. Nf5+ Kh3 88. Ne7 Rd6 89. f5 Kh4 90. Kf4 Rd8 91. Nc6 Rd6 92. Nb4 Kh5 93.
Nd3 Rd8 94. Nb4 Kh4 95. Nd3 Kh3 96. Nc5 Rg8 97. Nd7 Rg4+ 98. Kf3 Rg3+ 99. Kf4
Rg4+ 100. Kf3 Rg5 101. Kf4 Rg4+ 1/2-1/2

[Event "Aimchess Rapid Div 3 W"]
[Site "chess.com INT"]
[Date "2023.07.10"]
[Round "1.1"]
[White "Pantsulaia, Levan"]
[Black "Gledura, Benjamin"]
[Result "0-1"]
[WhiteTitle "GM"]
[BlackTitle "GM"]
[WhiteElo "2564"]
[BlackElo "2645"]
[WhiteFideId "13602071"]
[BlackFideId "712779"]
[EventDate "2023.07.10"]
[EventType "k.o."]

1. Nf3 c5 2. c4 Nc6 3. Nc3 Nf6 4. g3 d5 5. cxd5 Nxd5 6. Bg2 g6 7. O-O Bg7 8. Qa4
Nc7 9. Ng5 Bd7 10. Qc4 O-O 11. Qxc5 Rc8 12. Bxc6 Bxc6 13. Qxa7 Qd7 14. d3 f5 15.
Qa3 e5 16. b4 h6 17. Qb3+ Kh8 18. b5 Nxb5 19. Nxb5 hxg5 20. a4 f4 21. Na7 Bd5
22. Qb5 Rc6 23. f3 fxg3 24. hxg3 Qh3 25. Qxd5 Qxg3+ 26. Kh1 Rc2 27. Qe4 Kh7 28.
Nb5 Rh8 0-1

[Event "Aimchess Rapid Div 3 W"]
[Site "chess.com INT"]
[Date "2023.07.10"]
[Round "1.2"]
[White "Gledura, Benjamin"]
[Black "Pantsulaia, Levan"]
[Result "1-0"]
[WhiteTitle "GM"]
[BlackTitle "GM"]
[WhiteElo "2645"]
[BlackElo "2564"]
[WhiteFideId "712779"]
[BlackFideId "13602071"]
[EventDate "2023.07.10"]
[EventType "k.o."]

1. d4 c5 2. d5 g6 3. e4 Bg7 4. c4 d6 5. Bd3 e6 6. Nf3 Ne7 7. O-O h6 8. Nc3 Bxc3
9. bxc3 e5 10. Ne1 g5 11. Be2 Nd7 12. Bg4 Nb6 13. Be2 f5 14. exf5 Bxf5 15. Nc2
Na4 16. Ne3 Qa5 17. Bh5+ Kd8 18. Nxf5 Nxf5 19. Qf3 Rf8 20. g4 e4 21. Qxe4 Nh4
22. f4 Qxc3 23. Be3 Nb6 24. Rac1 Qb2 25. Rf2 Qh8 26. fxg5 Rxf2 27. Bxf2 hxg5 28.
Bg3 Kc7 29. Qe7+ Kc8 30. Bxd6 Nd7 31. Rf1 a5 32. Be8 Qd4+ 33. Kh1 1-0

[Event "Aimchess Rapid Div 3 W"]
[Site "chess.com INT"]
[Date "2023.07.10"]
[Round "1.1"]
[White "Mamedov, Rauf"]
[Black "Alonso Rosell, Alvar"]
[Result "1-0"]
[WhiteTitle "GM"]
[BlackTitle "GM"]
[WhiteElo "2636"]
[BlackElo "2570"]
[WhiteFideId "13401653"]
[BlackFideId "2270544"]
[EventDate "2023.07.10"]
[EventType "k.o."]

1. e4 c6 2. d4 d5 3. Nc3 dxe4 4. Nxe4 Nf6 5. Nxf6+ exf6 6. Bd3 Qxd4 7. Nf3 Qd8
8. O-O Be7 9. Re1 O-O 10. Bf4 Nd7 11. Qe2 Ne5 12. Nxe5 fxe5 13. Bxe5 Be6 14.
Rad1 Qa5 15. Qe4 g6 16. Qf4 Rfe8 17. Bc3 Qc5 18. Bxg6 fxg6 19. Rxe6 Rf8 20. Qg3
Qh5 21. Rd7 1-0